Las Ciencias Naturales en el nuevo Diseño Curricular de Educación de Santa Fe / (Registro nro. 32611)
[ vista simple ]
| 000 -CABECERA | |
|---|---|
| campo fijo de control de longitud | 01214nab a2200241 4500 |
| 003 - IDENTIFICADOR DEL NÚMERO DE CONTROL | |
| campo de control | AR-RoBPED |
| 005 - FECHA Y HORADE LA ULTIMA TRANSACCION | |
| campo de control | 20260423142155.0 |
| 008 - ELEMENTOS DE LONGITUD FIJA--INFORMACION GENERAL | |
| campo fijo de control de longitud | 260423b |||||||| |||| 00| 0 spa d |
| 040 ## - FUENTE CATALOGADORA | |
| Centro catalogador/agencia de origen | AR-RoBPED |
| 041 ## - IDIOMA | |
| Código de idioma para texto/pista de sonido o título independiente | spa |
| 100 1# - ENCABEZAMIENTO PRINCIPAL--AUTOR PERSONAL | |
| Nombre de persona | Galfrascoli, Adrián |
| 9 (RLIN) | 30670 |
| Función | Magíster en Didáctica de las Ciencias Experimentales |
| 245 13 - TITULO | |
| Título | Las Ciencias Naturales en el nuevo Diseño Curricular de Educación de Santa Fe / |
| 260 ## - PUBLICACION | |
| Lugar | Buenos Aires : |
| Editor | Noveduc, |
| Fecha | 2024 |
| 300 ## - DESCRIPCION FISICA | |
| Extensión | 26-33 p. |
| 500 ## - NOTA GENERAL | |
| Nota general | ¿Qué es un diseño curricular?¿Cómo se elabora?¿Cómo se seleccionan y organizan los contenidos y con qué fines? En este texto se muestra cómo fue el trabajo de diversos actores que participaron en el reciente proceso de transformación curricular para el nivel inicial en la provincia de Santa Fe, específicamente en el área de Ciencias Naturales. |
| 650 #7 - TERMINO DE MATERIA--CONTROLADO | |
| Término controlado | CIENCIAS NATURALES |
| 9 (RLIN) | 535 |
| Término controlado | SANTA FE |
| 9 (RLIN) | 403 |
| Término controlado | NIVEL INICIAL |
| 9 (RLIN) | 1213 |
| Término controlado | DISEÑO CURRICULAR |
| 9 (RLIN) | 306 |
| 773 0# - DOCUMENTO FUENTE | |
| Host Biblionumber | 20414 |
| Host Itemnumber | 41866 |
| Place, publisher, and date of publication | Buenos Aires : Noveduc, 1993- |
| Título | Novedades Educativas |
| Record control number | (AR-RoBPED)20414 |
| International Standard Serial Number | 03283534 |
| 942 ## - ELEMENTOS KOHA | |
| Fuente de clasificación | Universal Decimal Classification |
| Koha tipo de ítem | Revistas |
| Clasificación | 37(05) |
| Signatura librística | Nov 86 N° 398 (Sept. 2024) |
| Número Koha | k.32611 |
| 945 ## - PROCESAMIENTO DE LA INFORMACIÓN LOCAL | |
| Catalogador y fecha | mar 04/2026 |
No hay ítems disponibles.